[Event "European Senior Team Championship 2021"]
[Site "Don Giovanni hotel, Vinohradska 2733, Prague, Czech Republic"]
[Date "2021.09.05"]
[Round "7"]
[Board "1"]
[White "Stohl, Igor"]
[Black "Nemec, Pavel"]
[Result "1-0"]
[WhiteElo "2462"]
[BlackElo "2213"]
[PlyCount "0"]
[EventDate "2021.08.30"]
[EventType "team"]
[EventRounds "9"]
[EventCountry "ECX"]
[WhiteTeam "SLOVAKIA"]
[BlackTeam "SK BOHEMIA PARDUBICE"]

1. d4 {[%clk 1:30:54]} Nf6 {[%clk 1:30:49]} 2. c4 {[%clk 1:31:11]} g6
{[%clk 1:31:11]} 3. g3 {[%clk 1:31:26]} Bg7 {[%clk 1:31:34]} 4. Bg2
{[%clk 1:31:46]} O-O {[%clk 1:31:52]} 5. Nc3 {[%clk 1:31:58]} d6 {[%clk 1:32:14]}
6. Nf3 {[%clk 1:32:17]} Nc6 {[%clk 1:32:07]} 7. O-O {[%clk 1:31:37]} a6
{[%clk 1:32:21]} 8. b3 {[%clk 1:31:05]} Rb8 {[%clk 1:27:59]} 9. d5
{[%clk 1:29:42]} Na5 {[%clk 1:23:49]} 10. Bg5 {[%clk 1:28:48]} c5
{[%clk 1:20:49]} 11. dxc6 {[%clk 1:28:22]} bxc6 {[%clk 1:17:47]} 12. c5
{[%clk 1:24:47]} d5 {[%clk 1:10:40]} 13. Bf4 {[%clk 1:21:32]} Rb7
{[%clk 1:02:31]} 14. Be5 {[%clk 1:19:51]} Ne8 {[%clk 0:50:33]} 15. Na4
{[%clk 1:02:37]} Ra7 {[%clk 0:34:28]} 16. Nb6 {[%clk 0:51:02]} Bxe5
{[%clk 0:29:38]} 17. Nxe5 {[%clk 0:51:27]} Qc7 {[%clk 0:29:58]} 18. f4
{[%clk 0:46:56]} Nb7 {[%clk 0:29:48]} 19. b4 {[%clk 0:41:56]} Nf6
{[%clk 0:29:54]} 20. e4 {[%clk 0:19:33]} dxe4 {[%clk 0:23:40]} 21. Qe2
{[%clk 0:17:59]} Nd5 {[%clk 0:19:52]} 22. Qxe4 {[%clk 0:16:29]} Nxb6
{[%clk 0:16:58]} 23. Nxc6 {[%clk 0:14:53]} Ra8 {[%clk 0:05:44]} 24. Nxe7+
{[%clk 0:11:47]} Kg7 {[%clk 0:06:05]} 25. Nxc8 {[%clk 0:10:58]} Qxc8
{[%clk 0:03:31]} 26. cxb6 {[%clk 0:08:59]} Rb8 {[%clk 0:03:37]} 27. Rac1
{[%clk 0:09:13]} Qd8 {[%clk 0:03:45]} 28. Rc7 {[%clk 0:07:16]} Nd6
{[%clk 0:03:28]} 29. Qd4+ {[%clk 0:06:36]} Kg8 {[%clk 0:03:52]} 30. Rd1
{[%clk 0:06:20]} Re8 {[%clk 0:04:09]} 31. Rc6 {[%clk 0:06:15]} Nf5
{[%clk 0:03:10]} 32. Qxd8 {[%clk 0:06:34]} Rbxd8 {[%clk 0:03:31]} 33. Rxd8
{[%clk 0:06:50]} Rxd8 {[%clk 0:03:58]} 34. b7 {[%clk 0:06:42]} Rd1+
{[%clk 0:03:23]} 35. Bf1 {[%clk 0:06:22]}  1-0

[Event "European Senior Team Championship 2021"]
[Site "Don Giovanni hotel, Vinohradska 2733, Prague, Czech Republic"]
[Date "2021.09.05"]
[Round "7"]
[Board "2"]
[White "Malinovsky, Petr"]
[Black "Mrva, Martin"]
[Result "0-1"]
[WhiteElo "2076"]
[BlackElo "2387"]
[PlyCount "0"]
[EventDate "2021.08.30"]
[EventType "team"]
[EventRounds "9"]
[EventCountry "ECX"]
[WhiteTeam "SK BOHEMIA PARDUBICE"]
[BlackTeam "SLOVAKIA"]

1. Nf3 {[%clk 1:30:56]} Nf6 {[%clk 1:30:31]} 2. g3 {[%clk 1:31:11]} b5
{[%clk 1:29:17]} 3. Bg2 {[%clk 1:31:05]} Bb7 {[%clk 1:29:40]} 4. O-O
{[%clk 1:31:03]} e6 {[%clk 1:27:32]} 5. d4 {[%clk 1:29:06]} c5 {[%clk 1:27:38]}
6. c3 {[%clk 1:27:14]} Qc7 {[%clk 1:25:44]} 7. Nbd2 {[%clk 1:22:35]} d6
{[%clk 1:25:08]} 8. Re1 {[%clk 1:21:07]} Nbd7 {[%clk 1:25:25]} 9. e4
{[%clk 1:20:42]} e5 {[%clk 1:15:00]} 10. a4 {[%clk 1:16:21]} b4 {[%clk 1:11:36]}
11. d5 {[%clk 1:10:17]} bxc3 {[%clk 1:10:23]} 12. bxc3 {[%clk 1:10:37]} c4
{[%clk 1:10:39]} 13. Ba3 {[%clk 1:09:31]} a5 {[%clk 1:09:15]} 14. Bf1
{[%clk 1:01:14]} Ba6 {[%clk 1:09:17]} 15. Qc2 {[%clk 0:59:20]} Be7
{[%clk 1:08:30]} 16. Nh4 {[%clk 0:54:32]} g6 {[%clk 1:05:35]} 17. Ng2
{[%clk 0:52:51]} O-O {[%clk 1:05:18]} 18. Ne3 {[%clk 0:52:55]} Nb6
{[%clk 1:05:18]} 19. Reb1 {[%clk 0:51:10]} Nfd7 {[%clk 1:03:46]} 20. Ra2
{[%clk 0:49:15]} Bg5 {[%clk 1:03:29]} 21. Ng2 {[%clk 0:46:17]} Nc5
{[%clk 1:01:55]} 22. Bxc5 {[%clk 0:45:11]} Qxc5 {[%clk 1:02:17]} 23. Rab2
{[%clk 0:43:57]} Nd7 {[%clk 1:00:33]} 24. Nf3 {[%clk 0:39:15]} Bh6
{[%clk 1:00:09]} 25. Nfh4 {[%clk 0:38:44]} Rab8 {[%clk 0:58:17]} 26. Kh1
{[%clk 0:37:19]} Rxb2 {[%clk 0:56:38]} 27. Rxb2 {[%clk 0:37:32]} Qc7
{[%clk 0:54:03]} 28. Qb1 {[%clk 0:35:34]} Qa7 {[%clk 0:49:25]} 29. f3
{[%clk 0:24:16]} f5 {[%clk 0:45:16]} 30. exf5 {[%clk 0:24:06]} g5
{[%clk 0:45:11]} 31. Qc1 {[%clk 0:22:03]} Nc5 {[%clk 0:42:31]} 32. Ne1
{[%clk 0:15:29]} Nb3 {[%clk 0:41:52]} 33. Qd1 {[%clk 0:14:25]} gxh4
{[%clk 0:42:09]} 34. Bh3 {[%clk 0:14:03]} Qe3 {[%clk 0:40:32]} 35. Rg2
{[%clk 0:13:51]} Kh8 {[%clk 0:40:17]} 36. f4 {[%clk 0:10:42]} exf4
{[%clk 0:37:24]} 37. gxh4 {[%clk 0:09:32]} Qxh3 {[%clk 0:37:09]} 38. Nf3
{[%clk 0:09:30]} Qxf5 {[%clk 0:37:09]} 39. Nd4 {[%clk 0:09:24]} Qxd5
{[%clk 0:37:21]}  0-1

[Event "European Senior Team Championship 2021"]
[Site "Don Giovanni hotel, Vinohradska 2733, Prague, Czech Republic"]
[Date "2021.09.05"]
[Round "7"]
[Board "3"]
[White "Plachetka, Jan"]
[Black "Vodicka, Pavel"]
[Result "1-0"]
[WhiteElo "2307"]
[BlackElo "1915"]
[PlyCount "0"]
[EventDate "2021.08.30"]
[EventType "team"]
[EventRounds "9"]
[EventCountry "ECX"]
[WhiteTeam "SLOVAKIA"]
[BlackTeam "SK BOHEMIA PARDUBICE"]

1. e4 {[%clk 1:30:58]} c5 {[%clk 1:30:50]} 2. Nf3 {[%clk 1:31:19]} Nc6
{[%clk 1:31:13]} 3. Nc3 {[%clk 1:31:18]} g6 {[%clk 1:30:24]} 4. d4
{[%clk 1:21:39]} cxd4 {[%clk 1:30:22]} 5. Nxd4 {[%clk 1:22:07]} Bg7
{[%clk 1:30:42]} 6. Be3 {[%clk 1:22:20]} Nf6 {[%clk 1:29:11]} 7. Bc4
{[%clk 1:21:49]} Qa5 {[%clk 1:24:10]} 8. O-O {[%clk 1:19:48]} O-O
{[%clk 1:24:23]} 9. Bb3 {[%clk 1:19:35]} d6 {[%clk 1:22:45]} 10. h3
{[%clk 1:15:30]} Bd7 {[%clk 1:19:16]} 11. f4 {[%clk 1:03:50]} Qh5
{[%clk 1:12:53]} 12. Qd2 {[%clk 1:00:47]} Nxd4 {[%clk 1:02:20]} 13. Bxd4
{[%clk 0:57:28]} Bc6 {[%clk 0:56:53]} 14. Rae1 {[%clk 0:46:14]} Nd7
{[%clk 0:49:50]} 15. Bxg7 {[%clk 0:43:00]} Kxg7 {[%clk 0:50:04]} 16. Nd5
{[%clk 0:42:27]} Bxd5 {[%clk 0:31:42]} 17. exd5 {[%clk 0:41:24]} Qh4
{[%clk 0:31:22]} 18. c3 {[%clk 0:39:57]} f5 {[%clk 0:21:59]} 19. Re3
{[%clk 0:38:13]} Rf7 {[%clk 0:15:03]} 20. Kh2 {[%clk 0:37:04]} Qf6
{[%clk 0:14:39]} 21. Re6 {[%clk 0:34:57]} Qh4 {[%clk 0:14:57]} 22. g3
{[%clk 0:34:59]} Qh6 {[%clk 0:14:47]} 23. Qd4+ {[%clk 0:30:50]} Nf6
{[%clk 0:14:41]} 24. Rfe1 {[%clk 0:28:01]} Kf8 {[%clk 0:12:18]} 25. Rxe7
{[%clk 0:17:35]} Qg7 {[%clk 0:12:37]} 26. R7e6 {[%clk 0:17:12]} Ne4
{[%clk 0:12:07]} 27. Qxg7+ {[%clk 0:16:45]} Rxg7 {[%clk 0:11:59]} 28. Bc2
{[%clk 0:16:17]} Re8 {[%clk 0:11:36]} 29. Bxe4 {[%clk 0:15:21]} Rxe6
{[%clk 0:11:27]} 30. dxe6 {[%clk 0:14:36]} fxe4 {[%clk 0:11:46]} 31. Rxe4
{[%clk 0:14:29]} Rc7 {[%clk 0:12:13]} 32. g4 {[%clk 0:13:31]} Rc5
{[%clk 0:12:20]} 33. e7+ {[%clk 0:11:46]} Ke8 {[%clk 0:12:28]} 34. Kg3
{[%clk 0:11:54]} a5 {[%clk 0:12:04]} 35. Kf3 {[%clk 0:10:57]} a4 {[%clk 0:12:15]}
36. Rxa4 {[%clk 0:10:22]} Kxe7 {[%clk 0:12:24]} 37. Rb4 {[%clk 0:09:59]} b5
{[%clk 0:12:32]} 38. Ke3 {[%clk 0:09:34]} h5 {[%clk 0:12:48]} 39. a4
{[%clk 0:09:29]}  1-0

[Event "European Senior Team Championship 2021"]
[Site "Don Giovanni hotel, Vinohradska 2733, Prague, Czech Republic"]
[Date "2021.09.05"]
[Round "7"]
[Board "4"]
[White "Danek, Pavel"]
[Black "Motuz, Karol"]
[Result "0-1"]
[WhiteElo "1870"]
[BlackElo "2323"]
[PlyCount "0"]
[EventDate "2021.08.30"]
[EventType "team"]
[EventRounds "9"]
[EventCountry "ECX"]
[WhiteTeam "SK BOHEMIA PARDUBICE"]
[BlackTeam "SLOVAKIA"]

1. d4 {[%clk 1:30:59]} d6 {[%clk 1:30:22]} 2. Nf3 {[%clk 1:31:15]} g6
{[%clk 1:30:48]} 3. c3 {[%clk 1:31:29]} Bg7 {[%clk 1:31:03]} 4. Bf4
{[%clk 1:31:19]} Nf6 {[%clk 1:30:13]} 5. h3 {[%clk 1:29:18]} O-O {[%clk 1:27:50]}
6. e3 {[%clk 1:27:28]} Nbd7 {[%clk 1:27:59]} 7. Nbd2 {[%clk 1:27:39]} Re8
{[%clk 1:26:09]} 8. Bd3 {[%clk 1:26:32]} e5 {[%clk 1:24:50]} 9. Bg5
{[%clk 1:25:22]} h6 {[%clk 1:24:12]} 10. Bxf6 {[%clk 1:25:16]} Nxf6
{[%clk 1:24:26]} 11. Qc2 {[%clk 1:23:17]} Qe7 {[%clk 1:23:00]} 12. dxe5
{[%clk 1:17:51]} dxe5 {[%clk 1:23:09]} 13. e4 {[%clk 1:14:45]} a6
{[%clk 1:17:02]} 14. g4 {[%clk 1:13:30]} b5 {[%clk 1:14:57]} 15. a4
{[%clk 1:07:17]} Rb8 {[%clk 1:12:42]} 16. axb5 {[%clk 1:04:21]} axb5
{[%clk 1:12:46]} 17. b4 {[%clk 1:04:17]} h5 {[%clk 1:06:34]} 18. g5
{[%clk 1:00:49]} Nh7 {[%clk 1:04:39]} 19. h4 {[%clk 1:00:10]} Nf8
{[%clk 1:04:44]} 20. Ra7 {[%clk 0:56:57]} Ne6 {[%clk 1:04:08]} 21. Nb3
{[%clk 0:53:09]} Rd8 {[%clk 0:59:31]} 22. Bf1 {[%clk 0:50:06]} Qd6
{[%clk 0:57:30]} 23. Bh3 {[%clk 0:47:39]} Qb6 {[%clk 0:54:33]} 24. Ra1
{[%clk 0:47:19]} Nf4 {[%clk 0:50:15]} 25. Bxc8 {[%clk 0:45:12]} Nd3+
{[%clk 0:47:07]} 26. Kf1 {[%clk 0:44:17]} Rbxc8 {[%clk 0:46:48]} 27. Ne1
{[%clk 0:39:18]} Nf4 {[%clk 0:44:08]} 28. Nc5 {[%clk 0:36:01]} Bf8
{[%clk 0:40:59]} 29. Ra6 {[%clk 0:31:16]} Qb8 {[%clk 0:40:50]} 30. Ng2
{[%clk 0:26:59]} Bxc5 {[%clk 0:39:55]} 31. Nxf4 {[%clk 0:26:53]} exf4
{[%clk 0:39:50]} 32. bxc5 {[%clk 0:25:45]} c6 {[%clk 0:38:34]} 33. Kg2
{[%clk 0:22:43]} Qe5 {[%clk 0:38:28]} 34. Kf3 {[%clk 0:16:15]} Qxc5
{[%clk 0:35:44]} 35. Kxf4 {[%clk 0:15:59]} Rd7 {[%clk 0:34:46]} 36. Rd1
{[%clk 0:14:45]} Rxd1 {[%clk 0:33:48]} 37. Qxd1 {[%clk 0:15:14]} Qxf2+
{[%clk 0:34:06]} 38. Qf3 {[%clk 0:13:07]} Qxh4+ {[%clk 0:34:26]} 39. Ke5
{[%clk 0:12:06]} Qxg5+ {[%clk 0:33:53]} 40. Kd6 {[%clk 0:12:13]} Qd8+
{[%clk 0:32:55]} 41. Kc5 {[%clk 0:12:00]} Qe7+ {[%clk 0:33:00]} 42. Kd4
{[%clk 0:11:15]} Rd8+ {[%clk 0:33:06]} 43. Ke3 {[%clk 0:10:29]} Qg5+
{[%clk 0:33:19]} 44. Ke2 {[%clk 0:10:52]} Qd2+ {[%clk 0:32:45]} 45. Kf1
{[%clk 0:10:45]} Qc1+ {[%clk 0:33:07]}  0-1

[Event "European Senior Team Championship 2021"]
[Site "Don Giovanni hotel, Vinohradska 2733, Prague, Czech Republic"]
[Date "2021.09.06"]
[Round "8"]
[Board "1"]
[White "Sorm, Daniel"]
[Black "Nemec, Pavel"]
[Result "1-0"]
[WhiteElo "2350"]
[BlackElo "2213"]
[PlyCount "0"]
[EventDate "2021.08.30"]
[EventType "team"]
[EventRounds "9"]
[EventCountry "ECX"]
[WhiteTeam "1960-69"]
[BlackTeam "SK BOHEMIA PARDUBICE"]

1. d4 {[%clk 1:29:05]} Nf6 {[%clk 1:30:53]} 2. c4 {[%clk 1:29:11]} g6
{[%clk 1:31:16]} 3. Nc3 {[%clk 1:29:35]} Bg7 {[%clk 1:31:42]} 4. e4
{[%clk 1:29:59]} d6 {[%clk 1:32:04]} 5. h3 {[%clk 1:30:10]} O-O {[%clk 1:32:16]}
6. Nge2 {[%clk 1:29:14]} c5 {[%clk 1:32:05]} 7. d5 {[%clk 1:29:21]} e6
{[%clk 1:32:06]} 8. Ng3 {[%clk 1:29:06]} exd5 {[%clk 1:32:19]} 9. cxd5
{[%clk 1:29:23]} a6 {[%clk 1:30:57]} 10. a4 {[%clk 1:28:27]} b6 {[%clk 1:30:01]}
11. Bd3 {[%clk 1:21:56]} Nbd7 {[%clk 1:25:11]} 12. O-O {[%clk 1:20:18]} Qc7
{[%clk 1:23:56]} 13. f4 {[%clk 1:11:37]} c4 {[%clk 1:23:43]} 14. Bc2
{[%clk 1:11:56]} Bb7 {[%clk 1:22:51]} 15. Be3 {[%clk 1:10:03]} Rae8
{[%clk 1:17:16]} 16. Qf3 {[%clk 1:08:34]} Nc5 {[%clk 1:13:58]} 17. Rad1
{[%clk 1:04:07]} Nfd7 {[%clk 1:12:04]} 18. Kh1 {[%clk 1:00:07]} Ba8
{[%clk 0:47:15]} 19. e5 {[%clk 0:48:17]} dxe5 {[%clk 0:47:08]} 20. f5
{[%clk 0:48:40]} Nd3 {[%clk 0:38:12]} 21. Bxd3 {[%clk 0:46:29]} cxd3
{[%clk 0:38:41]} 22. Nge4 {[%clk 0:46:43]} f6 {[%clk 0:37:34]} 23. Rxd3
{[%clk 0:45:05]} g5 {[%clk 0:30:36]} 24. Rc1 {[%clk 0:43:54]} Rc8
{[%clk 0:28:01]} 25. Rdd1 {[%clk 0:42:48]} Qb8 {[%clk 0:28:05]} 26. Qe2
{[%clk 0:41:53]} Bb7 {[%clk 0:25:21]} 27. h4 {[%clk 0:38:27]} gxh4
{[%clk 0:24:10]} 28. Qf2 {[%clk 0:38:10]} h3 {[%clk 0:23:00]} 29. gxh3
{[%clk 0:38:07]} Kh8 {[%clk 0:22:18]} 30. Bxb6 {[%clk 0:32:09]} Bh6
{[%clk 0:18:54]} 31. Be3 {[%clk 0:32:04]} Bf4 {[%clk 0:18:28]} 32. Rf1
{[%clk 0:27:08]} Rc4 {[%clk 0:14:35]} 33. Rcd1 {[%clk 0:23:25]} Rg8
{[%clk 0:11:18]} 34. Bxf4 {[%clk 0:21:09]} exf4 {[%clk 0:11:40]} 35. Qxf4
{[%clk 0:21:05]} Qe8 {[%clk 0:09:30]} 36. Kh2 {[%clk 0:13:32]} Rb4
{[%clk 0:08:52]} 37. Rf2 {[%clk 0:10:37]} Qh5 {[%clk 0:06:25]} 38. Rg1
{[%clk 0:04:22]} Rxg1 {[%clk 0:05:09]} 39. Kxg1 {[%clk 0:04:47]} Qxh3
{[%clk 0:04:12]} 40. Rh2 {[%clk 0:01:45]} Qd3 {[%clk 0:03:46]} 41. Qh6
{[%clk 0:01:10]} Qd4+ {[%clk 0:01:18]} 42. Kh1 {[%clk 0:00:59]}  1-0

[Event "European Senior Team Championship 2021"]
[Site "Don Giovanni hotel, Vinohradska 2733, Prague, Czech Republic"]
[Date "2021.09.06"]
[Round "8"]
[Board "2"]
[White "Paldus, Petr"]
[Black "Vrbata, Zbynek"]
[Result "1/2-1/2"]
[WhiteElo "2025"]
[BlackElo "2339"]
[PlyCount "0"]
[EventDate "2021.08.30"]
[EventType "team"]
[EventRounds "9"]
[EventCountry "ECX"]
[WhiteTeam "SK BOHEMIA PARDUBICE"]
[BlackTeam "1960-69"]

1. e4 {[%clk 1:30:57]} e6 {[%clk 1:30:54]} 2. d4 {[%clk 1:31:23]} b6
{[%clk 1:31:17]} 3. c4 {[%clk 1:30:33]} d5 {[%clk 1:21:52]} 4. Nc3
{[%clk 1:30:02]} dxe4 {[%clk 1:20:06]} 5. Nxe4 {[%clk 1:30:29]} Bb7
{[%clk 1:20:18]} 6. Nc3 {[%clk 1:24:21]} Ne7 {[%clk 1:14:26]} 7. Nf3
{[%clk 1:15:02]} g6 {[%clk 1:04:21]} 8. Be2 {[%clk 1:02:25]} Bg7 {[%clk 1:02:57]}
9. O-O {[%clk 1:02:40]} O-O {[%clk 1:02:57]} 10. Bf4 {[%clk 0:57:39]} Nd7
{[%clk 0:44:19]} 11. Nb5 {[%clk 0:45:50]} a6 {[%clk 0:43:00]} 12. Bxc7
{[%clk 0:39:19]} Qc8 {[%clk 0:43:06]} 13. Bd6 {[%clk 0:39:42]} axb5
{[%clk 0:42:55]} 14. Bxe7 {[%clk 0:40:08]} Re8 {[%clk 0:43:18]} 15. Bd6
{[%clk 0:32:03]} bxc4 {[%clk 0:42:10]} 16. Rc1 {[%clk 0:29:57]} b5
{[%clk 0:40:51]} 17. b3 {[%clk 0:25:26]} Bd5 {[%clk 0:36:05]} 18. bxc4
{[%clk 0:20:42]} bxc4 {[%clk 0:35:19]} 19. a3 {[%clk 0:18:44]} Qa6
{[%clk 0:32:33]} 20. Bb4 {[%clk 0:18:35]} Rec8 {[%clk 0:32:34]} 21. h4
{[%clk 0:17:47]} Bh6 {[%clk 0:28:39]} 22. Rc3 {[%clk 0:16:02]} Nb6
{[%clk 0:25:52]} 23. Ne5 {[%clk 0:11:33]} Bf4 {[%clk 0:15:36]} 24. h5
{[%clk 0:10:10]} Qb7 {[%clk 0:14:54]} 25. hxg6 {[%clk 0:09:43]} hxg6
{[%clk 0:15:02]} 26. Bf3 {[%clk 0:06:53]} Bxf3 {[%clk 0:08:13]} 27. Rxf3
{[%clk 0:07:21]} Nd5 {[%clk 0:08:21]} 28. Rh3 {[%clk 0:02:57]} Bxe5
{[%clk 0:04:22]} 29. dxe5 {[%clk 0:03:25]} Nxb4 {[%clk 0:04:28]} 30. axb4
{[%clk 0:03:03]} Qd5 {[%clk 0:04:40]} 31. Qe1 {[%clk 0:01:19]} Ra2
{[%clk 0:04:23]} 32. Qe3 {[%clk 0:01:36]} Qd2 {[%clk 0:04:45]} 33. Qg3
{[%clk 0:01:09]} Qd8 {[%clk 0:04:18]} 34. Qe3 {[%clk 0:01:16]} Qf8
{[%clk 0:04:35]} 35. Rc1 {[%clk 0:01:17]} Rb2 {[%clk 0:04:29]} 36. Qa3
{[%clk 0:01:08]} Rxb4 {[%clk 0:04:13]} 37. Qa2 {[%clk 0:01:20]} Qg7
{[%clk 0:02:09]} 38. Qe2 {[%clk 0:01:33]} Rc5 {[%clk 0:01:30]} 39. f4
{[%clk 0:01:13]} Qf8 {[%clk 0:01:36]} 40. Qf2 {[%clk 0:01:07]} Rc8
{[%clk 0:01:36]} 41. Qh4 {[%clk 0:00:35]} Qg7 {[%clk 0:01:40]} 42. Qe7
{[%clk 0:30:06]} Rb5 {[%clk 0:26:21]}  1/2-1/2

[Event "European Senior Team Championship 2021"]
[Site "Don Giovanni hotel, Vinohradska 2733, Prague, Czech Republic"]
[Date "2021.09.06"]
[Round "8"]
[Board "3"]
[White "Michalek, Jan"]
[Black "Vodicka, Pavel"]
[Result "0-1"]
[WhiteElo "2276"]
[BlackElo "1915"]
[PlyCount "0"]
[EventDate "2021.08.30"]
[EventType "team"]
[EventRounds "9"]
[EventCountry "ECX"]
[WhiteTeam "1960-69"]
[BlackTeam "SK BOHEMIA PARDUBICE"]

1. e4 {[%clk 1:30:56]} c5 {[%clk 1:30:53]} 2. Nf3 {[%clk 1:30:47]} Nc6
{[%clk 1:31:01]} 3. c3 {[%clk 1:30:25]} g6 {[%clk 1:30:06]} 4. d4
{[%clk 1:30:13]} cxd4 {[%clk 1:30:30]} 5. cxd4 {[%clk 1:30:33]} Bg7
{[%clk 1:30:35]} 6. Nc3 {[%clk 1:30:38]} Qa5 {[%clk 1:25:47]} 7. Be3
{[%clk 1:22:13]} Nf6 {[%clk 1:18:28]} 8. Nd2 {[%clk 1:18:31]} d5 {[%clk 1:12:34]}
9. Nb3 {[%clk 1:10:32]} Qd8 {[%clk 1:11:16]} 10. e5 {[%clk 1:08:09]} Ng4
{[%clk 1:10:55]} 11. Bc1 {[%clk 1:03:57]} h5 {[%clk 1:11:08]} 12. Be2
{[%clk 1:03:19]} b6 {[%clk 1:04:34]} 13. O-O {[%clk 0:56:45]} Nh6
{[%clk 0:58:03]} 14. Bg5 {[%clk 0:54:04]} Nf5 {[%clk 0:57:51]} 15. Rc1
{[%clk 0:51:34]} O-O {[%clk 0:49:47]} 16. Bf3 {[%clk 0:46:01]} Ba6
{[%clk 0:40:30]} 17. Bxd5 {[%clk 0:42:20]} Bxf1 {[%clk 0:38:40]} 18. Bxc6
{[%clk 0:38:26]} Rc8 {[%clk 0:37:46]} 19. d5 {[%clk 0:31:55]} Ba6
{[%clk 0:33:52]} 20. Bf4 {[%clk 0:31:25]} e6 {[%clk 0:32:45]} 21. Qf3
{[%clk 0:26:25]} g5 {[%clk 0:29:51]} 22. Bd2 {[%clk 0:26:36]} g4 {[%clk 0:27:16]}
23. Qe4 {[%clk 0:26:50]} Bd3 {[%clk 0:26:32]} 24. Qe1 {[%clk 0:23:56]} exd5
{[%clk 0:24:52]} 25. Nxd5 {[%clk 0:24:06]} Rxc6 {[%clk 0:23:59]} 26. Nf6+
{[%clk 0:22:22]} Rxf6 {[%clk 0:22:33]} 27. Bg5 {[%clk 0:21:41]} Qe8
{[%clk 0:19:55]} 28. exf6 {[%clk 0:17:54]} Qxe1+ {[%clk 0:19:47]} 29. Rxe1
{[%clk 0:18:20]} Bh6 {[%clk 0:20:10]} 30. Bxh6 {[%clk 0:17:37]} Nxh6
{[%clk 0:20:34]} 31. Re5 {[%clk 0:17:35]} Rd8 {[%clk 0:19:45]} 32. h3
{[%clk 0:17:53]} Bg6 {[%clk 0:19:19]} 33. Kh2 {[%clk 0:17:28]} Kh7
{[%clk 0:19:32]} 34. Kg3 {[%clk 0:17:35]} gxh3 {[%clk 0:18:35]} 35. Kxh3
{[%clk 0:17:53]} Ng8 {[%clk 0:18:57]}  0-1

[Event "European Senior Team Championship 2021"]
[Site "Don Giovanni hotel, Vinohradska 2733, Prague, Czech Republic"]
[Date "2021.09.06"]
[Round "8"]
[Board "4"]
[White "Danek, Pavel"]
[Black "Priehoda, Vitezslav"]
[Result "0-1"]
[WhiteElo "1870"]
[BlackElo "2269"]
[PlyCount "0"]
[EventDate "2021.08.30"]
[EventType "team"]
[EventRounds "9"]
[EventCountry "ECX"]
[WhiteTeam "SK BOHEMIA PARDUBICE"]
[BlackTeam "1960-69"]

1. d4 {[%clk 1:30:55]} c5 {[%clk 1:30:54]} 2. c3 {[%clk 1:30:51]} d5
{[%clk 1:28:49]} 3. Nf3 {[%clk 1:30:25]} Nf6 {[%clk 1:28:10]} 4. Bf4
{[%clk 1:29:22]} Nc6 {[%clk 1:26:36]} 5. e3 {[%clk 1:29:15]} Qb6 {[%clk 1:26:49]}
6. Qb3 {[%clk 1:28:00]} c4 {[%clk 1:27:13]} 7. Qxb6 {[%clk 1:21:40]} axb6
{[%clk 1:27:42]} 8. Be2 {[%clk 1:20:49]} Bf5 {[%clk 1:27:37]} 9. O-O
{[%clk 1:20:28]} h6 {[%clk 1:23:43]} 10. Nbd2 {[%clk 1:20:10]} e6
{[%clk 1:24:05]} 11. a3 {[%clk 1:15:18]} b5 {[%clk 1:24:16]} 12. Rac1
{[%clk 1:14:40]} Nd7 {[%clk 1:17:24]} 13. Ne5 {[%clk 1:09:26]} g5
{[%clk 1:11:49]} 14. Bg3 {[%clk 1:07:41]} h5 {[%clk 1:06:54]} 15. Nxd7
{[%clk 1:00:01]} Kxd7 {[%clk 1:07:16]} 16. f3 {[%clk 0:55:52]} h4
{[%clk 1:01:45]} 17. Be5 {[%clk 0:52:21]} Nxe5 {[%clk 0:55:02]} 18. dxe5
{[%clk 0:51:38]} Bc5 {[%clk 0:55:30]} 19. Kf2 {[%clk 0:49:39]} Bb6
{[%clk 0:46:03]} 20. Rfd1 {[%clk 0:38:34]} Kc6 {[%clk 0:40:58]} 21. Nf1
{[%clk 0:35:55]} Rag8 {[%clk 0:40:18]} 22. h3 {[%clk 0:30:29]} Bc7
{[%clk 0:39:41]} 23. f4 {[%clk 0:29:25]} gxf4 {[%clk 0:37:56]} 24. exf4
{[%clk 0:28:05]} Bb6+ {[%clk 0:38:19]} 25. Ne3 {[%clk 0:24:48]} Rxg2+
{[%clk 0:26:17]} 26. Kxg2 {[%clk 0:22:27]} Bxe3 {[%clk 0:26:41]} 27. Rf1
{[%clk 0:17:01]} Rg8+ {[%clk 0:24:37]} 28. Bg4 {[%clk 0:16:18]} Bxc1
{[%clk 0:24:26]} 29. Rxc1 {[%clk 0:15:46]} Bxg4 {[%clk 0:24:53]} 30. hxg4
{[%clk 0:15:48]} Rxg4+ {[%clk 0:25:20]} 31. Kf3 {[%clk 0:16:13]} Rg3+
{[%clk 0:25:45]} 32. Kf2 {[%clk 0:16:42]} Rd3 {[%clk 0:26:04]} 33. Rg1
{[%clk 0:16:43]} Rd2+ {[%clk 0:26:05]} 34. Kf3 {[%clk 0:16:47]} h3
{[%clk 0:24:36]} 35. Rh1 {[%clk 0:16:53]} h2 {[%clk 0:24:56]} 36. Kg3
{[%clk 0:17:16]} Rxb2 {[%clk 0:25:14]} 37. Kg4 {[%clk 0:16:51]} Rg2+
{[%clk 0:25:01]} 38. Kh3 {[%clk 0:16:58]} Rc2 {[%clk 0:25:24]} 39. Kg4
{[%clk 0:17:20]} Kd7 {[%clk 0:24:51]} 40. f5 {[%clk 0:16:32]} exf5+
{[%clk 0:25:10]} 41. Kxf5 {[%clk 0:16:36]} Rf2+ {[%clk 0:25:36]} 42. Kg4
{[%clk 0:16:00]} Ke6 {[%clk 0:25:58]} 43. Kg3 {[%clk 0:16:29]} Rc2
{[%clk 0:25:25]} 44. Kf4 {[%clk 0:16:05]} b6 {[%clk 0:25:52]}  0-1

[Event "European Senior Team Championship 2021"]
[Site "Don Giovanni hotel, Vinohradska 2733, Prague, Czech Republic"]
[Date "2021.09.06"]
[Round "8"]
[Board "1"]
[White "Hracek, Zbynek"]
[Black "Stohl, Igor"]
[Result "1/2-1/2"]
[WhiteElo "2565"]
[BlackElo "2462"]
[PlyCount "0"]
[EventDate "2021.08.30"]
[EventType "team"]
[EventRounds "9"]
[EventCountry "ECX"]
[WhiteTeam "CZECH REPUBLIC"]
[BlackTeam "SLOVAKIA"]

1. d4 {[%clk 1:30:58]} d5 {[%clk 1:30:45]} 2. c4 {[%clk 1:31:23]} e6
{[%clk 1:31:02]} 3. Nc3 {[%clk 1:31:48]} Be7 {[%clk 1:31:01]} 4. Nf3
{[%clk 1:32:13]} Nf6 {[%clk 1:31:25]} 5. Bg5 {[%clk 1:32:38]} O-O
{[%clk 1:31:36]} 6. e3 {[%clk 1:33:03]} h6 {[%clk 1:31:33]} 7. Bxf6
{[%clk 1:32:10]} Bxf6 {[%clk 1:31:55]} 8. Rc1 {[%clk 1:32:38]} c6
{[%clk 1:32:06]} 9. Bd3 {[%clk 1:33:02]} Nd7 {[%clk 1:32:22]} 10. O-O
{[%clk 1:33:25]} dxc4 {[%clk 1:32:22]} 11. Bxc4 {[%clk 1:33:53]} e5
{[%clk 1:32:23]} 12. h3 {[%clk 1:34:10]} exd4 {[%clk 1:30:25]} 13. exd4
{[%clk 1:34:11]} Nb6 {[%clk 1:30:14]} 14. Bb3 {[%clk 1:34:35]} Re8
{[%clk 1:30:18]}  1/2-1/2